00325 a2200145 450000100060000002000150000604000240002110000230004524000320006824500270010030000070012736200090013444000120014365000240015568796 a850801712X cAnchieta - Itaigara aJunqueira, Sônia10aUm palhaço diferentelpor10aUm palhaço diferente a240 a2000 1aÁtica 4aLiteratura infantil